Statistics for Guess the Taylor Swift song with no hint 101

Click here to take the quiz!

General Stats

  • This quiz has been taken 284 times
  • The average score is 336 of 381

Answer Stats

Answer% Correct
I
100%
a
98%
it
98%
It
98%
me
98%
You
98%
you
98%
the
97%
my
96%
is
95%
and
94%
And
94%
do
94%
like
94%
love
94%
go
93%
if
93%
If
93%
Then
93%
then
93%
on
92%
So
92%
so
92%
they
92%
They
92%
What
92%
But
91%
can
91%
did
91%
he
91%
He
91%
I'd
91%
say
91%
all
90%
"Don't
90%
don't
90%
for
90%
ever
89%
oh
89%
again
88%
could
88%
had
88%
just
88%
This
88%
bad
87%
'em
87%
every
87%
how
87%
never
87%
something
87%
feel
86%
good
86%
good?
86%
him
86%
over
86%
see
86%
them
86%
think
86%
'cause
85%
'Cause
85%
one
85%
up
85%
up)
85%
make
84%
Now
84%
tell
84%
look
83%
nothin'
83%
trust
83%
easy
82%
lie
82%
play
82%
thing"
82%
felt
81%
got
81%
man
81%
They're
81%
violin
81%
why's
81%
Why's
81%
world
81%
about
80%
comin'
80%
get
80%
nothing
80%
red
80%
says
80%
aren't
79%
around
79%
coming
79%
even
79%
lips
79%
narcissist
79%
Their
79%
their
79%
thinks
79%
three
79%
works
79%
owe
78%
regret
78%
shit
78%
skin
78%
talks
78%
bit
77%
burning
77%
Light
77%
(light
77%
light
77%
Most
77%
playboy
77%
witches
77%
ahead
76%
away
76%
Crimson
76%
fun
76%
next
76%
before
75%
leave
75%
left
75%
name
75%
gotta
74%
let
74%
paint
74%
throw
74%
flames
73%
fly
73%
reasons
73%
proof
71%
change
70%
drops
70%
spends
70%
saved
69%
pitchforks
68%
receipts
68%

Score Distribution

Percentile by Number Answered

Percent of People with Each Score

Your Score History

You have not taken this quiz